Which Word Wins? (Harry Potter Edition) Quiz Stats

 Plays Quiz Updated Sep 20, 2018

Score 0/60 Timer 09:00
0 Plays Today
Words 'A' or 'B' % Correct
A) Expelliarmus or B) Stupefy???
94.4%
A) Marauder's or B) Wizard's???
94.3%
A) Wand or B) Sword???
89.2%
A) Professor or B) Master???
89%
A) Dobby or B) Kreacher???
88.5%
A) Ginny or B) Percy???
88.2%
A) Quill or B) Pencil???
86.8%
A) Owl or B) Spider???
85.8%
A) Gryffindor or B) Slytherin???
85.7%
A) Neville or B) Luna???
85.6%
A) He or B) She???
84.3%
A) Lumos or B) Reducto???
84.3%
A) Love or B) Hate???
82.1%
A) Hogwarts or B) Quidditch???
80.3%
A) Centaur or B) Unicorn???
80.1%
A) Blood or B) Prince???
78%
A) Home or B) School???
76.8%
A) Chocolate or B) Frog???
76.8%
A) Broomstick or B) Nimbus???
76.4%
A) Ministry or B) Magic???
76.2%
A) Bloody or B) Hell???
76.1%
A) Dumbledore or B) Voldemort???
75.9%
A) Malfoy or B) Weasley???
75.9%
A) Bus or B) Train???
74.7%
A) Said or B) Did???
73.6%
A) Harry or B) Potter???
73.2%
A) Sorcerer's or B) Stone???
72%
A) Fred or B) George???
71.5%
A) White or B) Black???
71.4%
A) Myrtle or B) Moaning???
69.7%
Words 'A' or 'B' % Correct
A) Elf or B) Goblin???
69.1%
A) Goblet or B) Fire???
68%
A) Muggle or B) Wizard???
67.6%
A) Ravenclaw or B) Hufflepuff???
67.5%
A) Good or B) Evil???
66%
A) Hermione or B) Ron???
64.6%
A) Troll or B) Hippogriff???
63.7%
A) Kedavra or B) Obliviate???
63.2%
A) Dementor or B) Dementors???
62.1%
A) Prisoner or B) Azkaban???
61%
A) Witchcraft or B) Wizardry???
60.2%
A) Dragon or B) Snake???
58.7%
A) Goyle or B) Crabbe???
58.5%
A) Day or B) Night???
54.2%
A) Order or B) Phoenix???
54.2%
A) Lily or B) James???
53%
A) Aunt or B) Uncle???
52.3%
A) Umbridge or B) Moody???
48.6%
A) Petunia or B) Trelawney???
46.2%
A) Granger or B) Sirius???
45.2%
A) Deathly or B) Hallows???
43.9%
A) Chamber or B) Secrets???
43.5%
A) Snape or B) Hagrid???
43.4%
A) Tom or B) Riddle???
38.5%
A) Cat or B) Hat???
35.8%
A) Dudley or B) Dursley???
30.3%
A) Horcrux or B) Cedric???
22.9%
A) Friends or B) Family???
22.3%
A) Lupin or B) McGonagall???
20.4%
A) Spell or B) Potion???
19.9%

You're not logged in!

Compare scores with friends on all Sporcle quizzes.
Join for Free
OR
Log In

You Might Also Like...

Show Comments

Extras

Top Quizzes Today


Score Distribution

Your Account Isn't Verified!

In order to create a playlist on Sporcle, you need to verify the email address you used during registration. Go to your Sporcle Settings to finish the process.

Report this User

Report this user for behavior that violates our Community Guidelines.

Details: